[Event "Muenster Bezirksliga 0607"]
[Site "Germany"]
[Date "2006.10.28"]
[Round "2.6"]
[White "Stremmer, Hans Dieter"]
[Black "Westphal, Olaf"]
[Result "1/2-1/2"]
[WhiteElo "1846"]
[BlackElo "1571"]
[PlyCount "60"]
[EventDate "2006.09.16"]
[EventType "team"]
[EventRounds "9"]
[EventCountry "GER"]
[SourceTitle "EXT 2008"]
[Source "ChessBase"]
[SourceDate "2007.11.25"]
[SourceVersion "1"]
[SourceVersionDate "2007.11.25"]
[SourceQuality "1"]
[WhiteTeam "Muenster SK V"]
[BlackTeam "Sendenhorst II"]
[WhiteTeamCountry "GER"]
[BlackTeamCountry "GER"]

1. d4 d5 2. c4 c6 3. Nf3 Bg4 4. e3 Nd7 5. Be2 e6 6. Nc3 Bd6 7. cxd5 exd5 8. h3 Bh5 9. Bd2 Ne7 10. a3 0-0 11. 0-0 f5 12. Ne1 Bg6 13. Nd3 Qc7 14. Rc1 Nf6 15. Nb5 Bh2+ 16. Kh1 Qb8 17. Nc3 Bd6 18. b4 Ne4 19. Nc5 Nxc5 20. bxc5 Bc7 21. Bd3 Qe8 22. Ne2 Bh5 23. Rb1 Rb8 24. Qa4 a6 25. Nf4 Bxf4 26. exf4 Ng6 27. Rfe1 Qd7 28. Qc2 Nh4 29. Re3 Rbe8 30. Rbe1 Ng6 1/2-1/2